Príspevok k spracovaniu signálov v prevádzke rozhlasových a televízných štúdií
Na minha lista:
| Autor principal: | |
|---|---|
| Formato: | Manuscrito Livro |
| Idioma: | eslovaco |
| Publicado em: |
2002
|
| Tags: |
Sem tags, seja o primeiro a adicionar uma tag!
|
MARC
| LEADER | 00000ntm a22000003a 4500 | ||
|---|---|---|---|
| 001 | stu77748 | ||
| 005 | 20150617225641.6 | ||
| 008 | 021029s2002------------------------slo-d | ||
| 040 | |a STU |b slo | ||
| 041 | 0 | |a slo | |
| 100 | 1 | |a Jesenai, Milan |4 aut | |
| 245 | 1 | |a Príspevok k spracovaniu signálov v prevádzke rozhlasových a televízných štúdií | |
| 260 | |c 2002 | ||
| 996 | |b 284ED00151 |c E*KDIZ-488 |l EE01 |s A |a 24 |w stu77748_0001 | ||